000 00398 a2200097 4500
245 0 0 _aElektroniczne przyrządy pomiarowe Selektywne mierniki natężenia pola - elektromagnetycznego Ogólne wymagania i badania PN-75/T-06509 /
_cMin. Przem. Maszynowego.
246 1 3 _aPN-75/T-06509
246 1 3 _a621.317.71:621.38
260 _aWarszawa :
_bMin. Przem. Maszynowego,
_c1975.
300 _a9 stron ;
_c30 cm.
650 _aPolska norma
999 _c21045
_d21045